Advances in surgery. (Record no. 114839)

MARC details
000 -LEADER
fixed length control field 00710cas a2200253 4500
008 - FIXED-LENGTH DATA ELEMENTS--GENERAL INFORMATION
fixed length control field
020 ## - INTERNATIONAL STANDARD BOOK NUMBER
International Standard Book Number 0815157509 (hbk.)
049 ## - LOCAL HOLDINGS (OCLC)
Holding library MAIN
090 0# - LOCALLY ASSIGNED LC-TYPE CALL NUMBER (OCLC); LOCAL CALL NUMBER (RLIN)
Classification number (OCLC) (R) ; Classification number, CALL (RLIN) (NR) RD1 ADV
003 - CONTROL NUMBER IDENTIFIER
control field
005 - DATE AND TIME OF LATEST TRANSACTION
control field 20230120203954.0
040 ## - CATALOGING SOURCE
Transcribing agency NUST
245 00 - TITLE STATEMENT
Title Advances in surgery.
260 ## - PUBLICATION, DISTRIBUTION, ETC.
Place of publication, distribution, etc. Chicago,
Name of publisher, distributor, etc. Year Book Medical Publishers,
Date of publication, distribution, etc. 1986.
300 ## - PHYSICAL DESCRIPTION
Extent xi.
Other physical details ill.
Dimensions 24 cm.
490 ## - SERIES STATEMENT
Series statement Advances in surgery. ;
Volume/sequential designation no. 19.
500 ## - GENERAL NOTE
General note Vol. 36 (c2002) published by Mosby.
650 #0 - SUBJECT ADDED ENTRY--TOPICAL TERM
Topical term or geographic name entry element Surgery.
650 #2 - SUBJECT ADDED ENTRY--TOPICAL TERM
Topical term or geographic name entry element Surgery
Form subdivision Periodicals.
700 1# - ADDED ENTRY--PERSONAL NAME
Personal name Welch, Claude Emerson,
Relator term ed.
720 2# - ADDED ENTRY--UNCONTROLLED NAME
Name Mosby-Year Book.
907 ## - LOCAL DATA ELEMENT G, LDG (RLIN)
a .b10252113
b 27-07-12
c 02-10-07
942 ## - ADDED ENTRY ELEMENTS (KOHA)
Koha item type Ordinary Loan Books
Call number prefix RD1 ADV
Holdings
Date last seen Total Checkouts Full call number Barcode Cost, replacement price Price effective from Koha item type Lost status Source of classification or shelving scheme Damaged status Not for loan Collection Withdrawn status Home library Current library Shelving location Date acquired Cost, normal purchase price
01/20/2023   RD1 ADV 92004007486 80.00 01/20/2023 BOOKS   LCC     NFIC   MEDICAL MEDICAL GEN 01/20/2023 80.00